000 00803nam a22002417a 4500
008 110413t sp||||| |||| 00| 0 spa d
020 _a8475099932
050 0 4 _aBD450
_bT39 1994
100 1 _aTaylor, Charles
245 1 3 _aLa ética de la autenticidad /
_cCharles Taylor ; Introducción de Carlos Thiebaut
250 _a1a ed.
260 _aBarcelona :
_bPaidós,
_c1994
300 _a146 p. ;
_c20 cm.
490 0 _aPensamiento contemporáneo ; v.
_v30
500 _aTraducción de : The malaise of modernity
500 _aTraducción del ingles al español
650 7 _2lemb.
_aCivilización moderna
_xAspectos filosoficos
650 7 _aEtica
650 7 _aValores sociales
_xHistoria
700 1 _aThiebeaut, Carlos
_qint.
700 1 _aCarbajosa Pérez, Pablo
_qtr.
942 _2ddc
_cLIB
999 _c53978
_d53978